000 00533nam a2200181 i 4500
001 150434
003 ES-MaACL
005 20260610142459.0
007 t|
008 071030s1972 sp ||||1| cat d
100 1 _aValéry, Paul,
_d1871-1945
_9243197
245 1 0 _aPaul Valéry en els seus millors escrits /
_cpresentació Osvald Cardona.
260 _aBarcelona :
_bMiquel Arimany,
_c[1972]
300 _a125 p. ;
_c20 cm.
700 1 _aCardona, Osvald.
_935182
852 _aES-MaACL
_jC-44780
_bR.83187
999 _c150434
_d150434